|
|
|
|
| LEADER |
00000nas a22000001a 4500 |
| 001 |
vtls010301087 |
| 003 |
SK-MaSNL |
| 005 |
20260228163153.0 |
| 008 |
110810d19461948xo er p r 0 b0slo |
| 015 |
|
|
|a SNBDS17XX9999
|
| 015 |
|
|
|a 0121
|2 Balúnová 1945-60
|
| 038 |
|
|
|a SNKBUDS
|
| 040 |
|
|
|a SNK
|b slo
|c SNK
|e AACR2
|
| 041 |
0 |
|
|a slo
|
| 044 |
|
|
|a xo
|c SK
|
| 080 |
|
|
|a 338.5
|2 2001
|
| 245 |
0 |
0 |
|a Cenový prehľad
|b príloha Zásobovacích a cenových zpráv
|
| 260 |
|
|
|a Bratislava
|b [Povereníctvo výživy v Bratislave]
|c 1946-1948
|
| 300 |
|
|
|a 3 roč.
|c 21 x 30 cm
|
| 310 |
|
|
|a 2x mesačne
|
| 362 |
0 |
|
|a Roč. I, č. 1 (1.6.1946)-roč. III, č. 6 (1948)
|
| 500 |
|
|
|a Vych. v Bratislave 2x mesačne
|
| 500 |
|
|
|a Red. František Pišoft
|
| 500 |
|
|
|a Vych. od 1. júna 1946 ako príl. k č. 3-4 Zásobovacie a cenové zprávy, číslovanie spoločné so zákl. čas., paginácia samostatná, priebežná
|
| 500 |
|
|
|a Vyd. [Povereníctvo výživy v Bratislave]
|
| 500 |
|
|
|a Tlač. Kníhtlačiareň Unia, p. n. s. Bratislava, od 3/III (15. febr. 1948) Kníhtlačiareň Pravda, graf. a vyd. podniky, Bratislava
|
| 505 |
8 |
0 |
|g Roč. I. 1946 26 č. 116 s
|
| 505 |
8 |
0 |
|g Roč. II. 1947 24 č. 204 s.
|
| 505 |
8 |
0 |
|g Roč. III. 1948 6 č. 60 s.
|
| 650 |
0 |
7 |
|a ceny
|2 SNKPH
|9 2113
|
| 650 |
0 |
7 |
|a zásobovanie (ekonómia)
|2 SNKBUDS
|9 27908
|
| 655 |
|
7 |
|a informačné časopisy
|2 SNKBUDS
|9 267527
|
| 700 |
1 |
|
|a Pišoft, František
|4 red
|9 273259
|
| 710 |
2 |
|
|a Slovensko (Československo).
|b Povereníctvo výživy
|9 145655
|
| 710 |
2 |
|
|a Grafické a vydavateľské podniky Pravda, n.p. (Bratislava, Slovensko)
|e tlač.
|9 273258
|
| 710 |
2 |
|
|a Únia, spoločnosť s r. o. (Bratislava)
|9 269284
|
| 772 |
0 |
|
|t Zásobovacie a cenové zprávy
|
| 785 |
0 |
0 |
|t Cenové zprávy
|
| 852 |
|
|
|a SNK
|b 10000
|h ČSB 441
|
| 852 |
|
|
|a UKB
|b 300000
|h SC 1899
|
| 852 |
|
|
|a SVKKK
|b 900000
|h C 65
|
| 852 |
|
|
|a UKB
|b 300000
|h 20 C 787
|
| 999 |
|
|
|c 8971
|d 10901
|